| 000 | 00645nam a2200241 a 4500 | ||
|---|---|---|---|
| 001 | 374 | ||
| 003 | BR-CuiBMT | ||
| 005 | 20231103002237.0 | ||
| 008 | 231101s2002 mtb 000 0 por d | ||
| 020 | _a8532700837 | ||
| 040 |
_aBR-CuiBMT _cBR-CuiBMT |
||
| 080 |
_a342.71 _22007 |
||
| 090 |
_a342.71 _bC425a |
||
| 100 | 1 | _aCezar, Alexandre | |
| 245 | 0 |
_aAcesso à justiça e cidadania / _cAlexandre Cezar. |
|
| 260 |
_aCuiabá : _bEdUFMT, _c2002. |
||
| 300 |
_a140 p. : _c21 cm |
||
| 504 | _aInclui bibliografia. | ||
| 650 | _aCidadania | ||
| 650 |
_aAcesso à justiça _xHistória |
||
| 650 |
_aAcesso à justiça _zBrasil |
||
| 942 |
_2udc _cLV |
||
| 999 |
_c374 _d374 |
||